|
|
|
|
| LEADER |
01216nam a2200241 i 4500 |
| 001 |
00447453 |
| 003 |
GR-PaULI |
| 005 |
20240401104405.0 |
| 008 |
060215s1993 waua g 001 0 eng d |
| 020 |
|
|
|a 0309048915
|
| 040 |
|
|
|a GrPaTEI
|b gre
|c GR-PaULI
|e AACR2
|
| 082 |
0 |
4 |
|a 639.3
|2 23
|
| 245 |
0 |
0 |
|a Nutrient requirements of fish :
|b Committee on Animal Nutrition, Board on Agriculture, National Research Council.
|
| 260 |
|
|
|a Washington, D.C :
|b National Academy Press,
|c 1993.
|
| 300 |
|
|
|a 114 σ. :
|b πιν. ;
|c 28 εκ.
|
| 504 |
|
|
|a Περιλαμβάνει βιβλιογραφία και ευρετήριο.
|
| 650 |
|
4 |
|a Ψάρια
|x Διατροφή.
|9 196609
|
| 710 |
2 |
|
|a National Research Council (U.S.)
|9 202831
|b Committee on Animal Nutrition
|
| 942 |
|
|
|2 ddc
|c BK
|
| 952 |
|
|
|0 0
|1 0
|2 ddc
|4 0
|6 639_300000000000000_NUT
|7 0
|9 250398
|a MSLG
|b MSLG
|c BSC
|d 2021-01-17
|e 24
|f 0
|g 0.00
|l 0
|o 639.3 NUT
|p 99242000028437
|r 2021-01-17 00:00:00
|t 1
|w 2021-01-17
|y BK15
|x Items transfered from Loc16 to Loc24
|x GrPaTEI
|
| 952 |
|
|
|0 0
|1 0
|2 ddc
|4 0
|6 639_300000000000000_NUT
|7 0
|9 378930
|a MSLG
|b MSLG
|c BSC
|d 2024-03-29
|l 0
|o 639.3 NUT
|p 992420007360
|r 2024-03-29 00:00:00
|t 2
|w 2024-03-29
|y BK15
|
| 998 |
|
|
|c ΒΑΣΙΛΕΙΟΥ
|d 2024-04
|
| 999 |
|
|
|c 148624
|d 148624
|